000 00325nam a2200133Ia 4500
008 210210b1991 xxu||||| |||| 00| 0 eng d
082 _a032.02 SILI
100 _aSILVERA (D M).
245 _aIndia book 1991
260 _aN D
_bNew India Publications
_c1991
300 _a314
690 _aGeneral Knowledge
906 _a045306
999 _c94594
_d94594